Strengthening national food control systems : A quick guide to assess capacity building needs
保存先:
| 団体著者: | |
|---|---|
| フォーマット: | 図書 |
| 言語: | Undetermined |
| 出版事項: |
Rome, Italy
FAO
2007
|
| 主題: | |
| タグ: |
タグ追加
タグなし, このレコードへの初めてのタグを付けませんか!
|
| Thư viện lưu trữ: | Trung tâm Học liệu Trường Đại học Cần Thơ |
|---|
| LEADER | 00594nam a2200205Ia 4500 | ||
|---|---|---|---|
| 001 | CTU_130321 | ||
| 008 | 210402s9999 xx 000 0 und d | ||
| 082 | |a 363.1926 | ||
| 082 | |b F686 | ||
| 110 | |a FAO | ||
| 245 | 0 | |a Strengthening national food control systems : | |
| 245 | 2 | |b A quick guide to assess capacity building needs | |
| 245 | 0 | |c FAO | |
| 260 | |a Rome, Italy | ||
| 260 | |b FAO | ||
| 260 | |c 2007 | ||
| 650 | |a Food,Food supply | ||
| 650 | |x Standards,Management,Methodology.,Management,Methodology. | ||
| 904 | |i Minh | ||
| 980 | |a Trung tâm Học liệu Trường Đại học Cần Thơ | ||